Welcome to CU Library Online Public Access Catalogue (OPAC)

Organizational marketing (Record no. 5693)

MARC details
000 -LEADER
fixed length control field 00392nam a22001457a 4500
005 - DATE AND TIME OF LATEST TRANSACTION
control field 20250508101801.0
008 - FIXED-LENGTH DATA ELEMENTS--GENERAL INFORMATION
fixed length control field 250508b |||||||| |||| 00| 0 eng d
020 ## - INTERNATIONAL STANDARD BOOK NUMBER
International Standard Book Number 9781861524805
050 ## - LIBRARY OF CONGRESS CALL NUMBER
Classification number HF5415
Item number .I263 WIL
100 ## - MAIN ENTRY--PERSONAL NAME
Personal name Wilson, Dominic
245 ## - TITLE STATEMENT
Title Organizational marketing
260 ## - PUBLICATION, DISTRIBUTION, ETC.
Place of publication, distribution, etc. London
Name of publisher, distributor, etc. International Thomson Business Press
Date of publication, distribution, etc. c1999
300 ## - PHYSICAL DESCRIPTION
Extent vi, 299p
942 ## - ADDED ENTRY ELEMENTS (KOHA)
Source of classification or shelving scheme Library of Congress Classification
Koha item type Books
Suppress in OPAC No
999 ## -
-- 5693
-- 5693
Holdings
Withdrawn status Lost status Source of classification or shelving scheme Damaged status Not for loan Collection Home library Current library Shelving location Date acquired Total checkouts Full call number Barcode Date last seen Copy number Price effective from Koha item type
    Library of Congress Classification     Non-fiction Graduate Library (Christ Temple) Graduate Library (Christ Temple) General stacks 01/21/2026   HF5415WIL gsct00002004 01/21/2026 1 01/21/2026 Books
    Library of Congress Classification     Non-fiction Graduate Library (Christ Temple) Graduate Library (Christ Temple) General stacks 01/21/2026   HF5415WIL gsct00002005 01/21/2026 2 01/21/2026 Books
    Library of Congress Classification     Non-fiction Graduate Library (Christ Temple) Graduate Library (Christ Temple) General stacks 01/21/2026   HF5415WIL gsct00002006 01/21/2026 3 01/21/2026 Books
    Library of Congress Classification     Non-fiction Graduate Library (Christ Temple) Graduate Library (Christ Temple) General stacks 01/21/2026   HF5415WIL gsct00002007 01/21/2026 4 01/21/2026 Books
    Library of Congress Classification     Non-fiction Graduate Library (Christ Temple) Graduate Library (Christ Temple) General stacks 01/21/2026   HF5415WIL gsct00002008 01/21/2026 5 01/21/2026 Books
    Library of Congress Classification     Non-fiction Graduate Library (Christ Temple) Graduate Library (Christ Temple) General stacks 01/21/2026   HF5415WIL gsct00002009 01/21/2026 6 01/21/2026 Books
    Library of Congress Classification     Non-fiction Graduate Library (Christ Temple) Graduate Library (Christ Temple) General stacks 01/21/2026   HF5415WIL gsct00002010 01/21/2026 7 01/21/2026 Books
    Library of Congress Classification     Non-fiction Undergraduate Library (Christ Temple) Undergraduate Library (Christ Temple) General stacks 05/08/2025   HF5415.I263 WIL ulct00002279 05/08/2025 1 05/08/2025 Books
© 2023-2024 Copyright: Central University Libraries. All Rights Reserved | Created by: Mahone Tech Office